000 004500000a22001570004500
003 LK-CoMWRAF
008 230817t ||||| |||| 00| 0 eng d
040 _aLK-CoMWRAF
_dLK-CoMWRAF
_eLK-CoMWRAF
041 _aeng
082 _a151.6
_bHAM
100 _aHameed, A.C. Sahul
245 _aHijra
_bHoly Prophets (Sal) Journey to Medina
260 _bKatugastota Islamic Welfare Society Ltd
_aSri Lanka (Katugastota)
_c1980
300 _ap.48
942 _cBK
999 _c2073
_d2073